Frederick Lygon, Earl of Beauchamp, papers, (Record no. 42932)

MARC details
000 -LEADER
fixed length control field 01180cpcaa2200301 a 4500
001 - CONTROL NUMBER
control field mm 80073114
003 - CONTROL NUMBER IDENTIFIER
control field DLC
005 - DATE AND TIME OF LATEST TRANSACTION
control field 20260227111705.0
008 - FIXED-LENGTH DATA ELEMENTS--GENERAL INFORMATION
fixed length control field 801216|||||||||||| eng
010 ## - LIBRARY OF CONGRESS CONTROL NUMBER
LC control number mm 80073114
040 ## - CATALOGING SOURCE
Original cataloging agency DLC
Transcribing agency DLC
Modifying agency DLC
Description conventions dacs
072 #7 - SUBJECT CATEGORY CODE
Subject category code F
Source lcmd
100 1# - MAIN ENTRY--PERSONAL NAME
Personal name Lygon, Frederick,
Titles and words associated with a name Earl Beauchamp,
Dates associated with a name 1830-1891.
245 00 - TITLE STATEMENT
Title Frederick Lygon, Earl of Beauchamp, papers,
Inclusive dates 1676.
300 ## - PHYSICAL DESCRIPTION
Extent 4
Type of unit items.
300 ## - PHYSICAL DESCRIPTION
Extent 1
Type of unit container.
300 ## - PHYSICAL DESCRIPTION
Extent 0.4
Type of unit linear feet.
506 0# - RESTRICTIONS ON ACCESS NOTE
Terms governing access Open to research.
520 8# - SUMMARY, ETC.
Summary, etc. Selections relating to the Corbin family of Virginia.
533 ## - REPRODUCTION NOTE
Type of reproduction Photostats of originals at Madresfield Court (Great Malvern, Worcestershire, England).
Place of reproduction [S.l.].
535 1# - LOCATION OF ORIGINALS/DUPLICATES NOTE
Custodian Great Britain: Madresfield Court, Great Malvern, Worcestershire
545 0# - BIOGRAPHICAL OR HISTORICAL DATA
Biographical or historical data British public official.
555 8# - CUMULATIVE INDEX/FINDING AIDS NOTE
Cumulative index/finding aids note Finding aid available in the Library of Congress Manuscript Reading Room.
600 30 - SUBJECT ADDED ENTRY--PERSONAL NAME
Personal name Corbin family.
651 #0 - SUBJECT ADDED ENTRY--GEOGRAPHIC NAME
Geographic name Virginia
General subdivision Social life and customs.
656 #7 - INDEX TERM--OCCUPATION
Occupation Public officials
Geographic subdivision Great Britain.
Source of term itoamc

No items available.

Powered by Koha